000
00254nam a2200097Ia 4500
008
231107s1964 xx 000 0 und d
041
_a
eng
100
_a
Ayn Rand
245
_a
The New Intelectul
260
_a
New Jercey
_b
The New American Library Inc.
_c
1964
999
_c
922656
_d
922656